| 000 | 01080nam a22002055i 4500 | ||
|---|---|---|---|
| 001 | 174981 | ||
| 003 | ES-MaACL | ||
| 005 | 20250719062546.0 | ||
| 008 | 100906s1878 xxk |||| | eng d | ||
| 110 |
_aNational Association for the Promotion of Social Science (England) _9237355 |
||
| 245 | _aReport and discussion on the International Prison Congress of Stockholm, at the Social Science Congress of Cheltenham, England, October 26, 1878 | ||
| 260 |
_aLiverpool _b[s.n.], _c1878 _f(Jones and Dickins) |
||
| 300 |
_a12 p. ; _c20 cm. |
||
| 650 | 0 | 4 |
_aEstablecimientos penitenciarios- _vCongresos y asambleas. _9163123 |
| 852 |
_aES-MaACL _jD-273(4) _bR.FOLL.12/4 _cSVI _9181716 _dOlim: 193-C-3 _fSello en tinta en la hoja de guarda anterior del volumen: "Donativo del Sr. Lastres al Ateneo de Madrid 1907" _hDonación: Francisco Lastres y Juiz _xEncuadernado con otras obras formando un volumen facticio |
||
| 903 |
_aLastres y Juiz, Francisco, _d1848-1918 _q1 _ednr _970504 |
||
| 942 |
_2udc _cFOLLETOS |
||
| 999 |
_c174981 _d174981 |
||